|
|
|
|
| LEADER |
00000cam a2200000 c 4500 |
| 001 |
277801818 |
| 003 |
DE-627 |
| 005 |
20260206201628.0 |
| 007 |
tu |
| 008 |
940830s1994 gw ||||| 00| ||ger c |
| 015 |
|
|
|a 94,N34,0885
|2 dnb
|
| 015 |
|
|
|a 94,A46,2163
|2 dnb
|
| 016 |
7 |
|
|a 941803015
|2 DE-101
|
| 020 |
|
|
|a 3929470004
|9 3-929470-00-4
|
| 035 |
|
|
|a (DE-627)277801818
|
| 035 |
|
|
|a (DE-603)030873428
|
| 035 |
|
|
|a (DE-576)040781410
|
| 035 |
|
|
|a (DE-599)GBV277801818
|
| 035 |
|
|
|a (OCoLC)243793771
|
| 035 |
|
|
|a (OCoLC)32922412
|
| 040 |
|
|
|a DE-627
|b ger
|c DE-627
|e rakwb
|
| 041 |
|
|
|a ger
|
| 044 |
|
|
|c XA-DE
|
| 050 |
|
0 |
|a DD258.5
|
| 082 |
0 |
|
|a 943.087/08/693
|
| 082 |
0 |
|
|a 943.08708693
|q LoC
|2 DDC20oclc
|
| 084 |
|
|
|a 64
|a 25
|2 sdnb
|
| 084 |
|
|
|a NQ 5975
|q DE-Frei129/1019
|2 rvk
|0 (DE-625)rvk/128674:
|
| 084 |
|
|
|a MG 15968
|2 rvk
|0 (DE-625)rvk/122818:12232
|
| 084 |
|
|
|a MS 3600
|2 rvk
|0 (DE-625)rvk/123685:
|
| 084 |
|
|
|a 15.38
|2 bkl
|
| 084 |
|
|
|a 71.52
|2 bkl
|
| 084 |
|
|
|a 71.63
|2 bkl
|
| 084 |
|
|
|a 71.99
|2 bkl
|
| 084 |
|
|
|a 83.40
|2 bkl
|
| 084 |
|
|
|a 89.59
|2 bkl
|
| 100 |
1 |
|
|a Pagenstecher, Cord
|d 1965-
|0 (DE-588)171554779
|0 (DE-627)06176857X
|0 (DE-576)172634172
|4 aut
|
| 109 |
|
|
|a Pagenstecher, Cord 1965-
|
| 245 |
1 |
0 |
|a Ausländerpolitik und Immigrantenidentität
|b zur Geschichte der "Gastarbeit" in der Bundesrepublik
|c Cord Pagenstecher
|
| 264 |
|
1 |
|a Berlin
|b Bertz
|c 1994
|
| 300 |
|
|
|a 164 S.
|b Ill.
|
| 336 |
|
|
|a Text
|b txt
|2 rdacontent
|
| 337 |
|
|
|a ohne Hilfsmittel zu benutzen
|b n
|2 rdamedia
|
| 338 |
|
|
|a Band
|b nc
|2 rdacarrier
|
| 500 |
|
|
|a Literaturverz. S. 156 - 164
|
| 505 |
8 |
|
|a Literaturverz. S. 156 - 164
|
| 648 |
|
7 |
|a Geschichte 1955-1987
|2 gnd
|
| 650 |
|
0 |
|a Immigrants
|z Germany (West)
|x History
|
| 650 |
|
0 |
|a Foreign workers
|z Germany (West)
|x History
|
| 651 |
|
0 |
|a Germany (West)
|x Emigration and immigration
|x History
|
| 651 |
|
0 |
|a Germany (West)
|x Ethnic relations
|
| 689 |
0 |
0 |
|d g
|0 (DE-588)4011889-7
|0 (DE-627)104732423
|0 (DE-576)208896201
|a Deutschland
|g Bundesrepublik
|2 gnd
|
| 689 |
0 |
1 |
|d s
|0 (DE-588)4003743-5
|0 (DE-627)106388673
|0 (DE-576)208852697
|a Ausländischer Arbeitnehmer
|2 gnd
|
| 689 |
0 |
2 |
|d s
|0 (DE-588)4153096-2
|0 (DE-627)104571128
|0 (DE-576)209800666
|a Ethnische Identität
|2 gnd
|
| 689 |
0 |
3 |
|d s
|0 (DE-588)4050863-8
|0 (DE-627)106179705
|0 (DE-576)209090111
|a Rückwanderung
|2 gnd
|
| 689 |
0 |
4 |
|a z
|2 gnd
|a Geschichte 1955-1987
|
| 689 |
0 |
|
|5 DE-101
|
| 689 |
1 |
0 |
|d g
|0 (DE-588)4011889-7
|0 (DE-627)104732423
|0 (DE-576)208896201
|a Deutschland
|g Bundesrepublik
|2 gnd
|
| 689 |
1 |
1 |
|d s
|0 (DE-588)4123761-4
|0 (DE-627)104212659
|0 (DE-576)209562455
|a Migrationspolitik
|2 gnd
|
| 689 |
1 |
2 |
|a z
|2 gnd
|a Geschichte 1955-1987
|
| 689 |
1 |
|
|5 DE-101
|
| 889 |
|
|
|w (DE-627)171771559
|
| 935 |
|
|
|a mkri
|
| 935 |
|
|
|i mdedup
|
| 935 |
|
|
|i Blocktest
|
| 935 |
|
|
|h HEB
|i 0501
|
| 935 |
|
|
|h HEB
|i 0503
|
| 936 |
r |
v |
|a NQ 5975
|b Einzelbeiträge
|k Geschichte
|k Geschichte seit 1918
|k Deutsche Geschichte seit 1945
|k Allgemeines
|k Einzelbeiträge
|0 (DE-627)127147235X
|0 (DE-625)rvk/128674:
|0 (DE-576)20147235X
|
| 936 |
r |
v |
|a MG 15968
|b Minderheitenfragen
|k Politologie
|k Politische Systeme einzelner Länder
|k Europa, Nordamerika
|k Westeuropa, Mitteleuropa
|k Bundesrepublik Deutschland
|k Bundesrepublik Deutschland
|k Föderalismus
|k Minderheitenfragen
|0 (DE-627)1270709283
|0 (DE-625)rvk/122818:12232
|0 (DE-576)200709283
|
| 936 |
r |
v |
|a MS 3600
|b Emigranten, Immigranten, Geflüchtete
|k Soziologie
|k Spezielle Soziologien
|k Soziologie der Minoritäten und Randgruppen
|k Emigranten, Immigranten, Geflüchtete
|0 (DE-627)1270927078
|0 (DE-625)rvk/123685:
|0 (DE-576)200927078
|
| 936 |
b |
k |
|a 15.38
|j Europäische Geschichte nach 1945
|q coli-conc RVK->BK
|q https://coli-conc.gbv.de/api/mappings/ca5e71c2-ea45-4983-9498-0aae53095f57
|0 (DE-627)181569671
|
| 936 |
b |
k |
|a 71.52
|j Kulturelle Prozesse
|x Soziologie
|0 (DE-627)106413678
|
| 936 |
b |
k |
|a 71.63
|j Minderheitenproblem
|0 (DE-627)10641223X
|
| 936 |
b |
k |
|a 71.99
|j Soziologie: Sonstiges
|0 (DE-627)106423452
|
| 936 |
b |
k |
|a 83.40
|j Außenwirtschaft: Allgemeines
|0 (DE-627)106416367
|
| 936 |
b |
k |
|a 89.59
|j Politische Prozesse: Sonstiges
|0 (DE-627)106414038
|
| 936 |
s |
n |
|a m100
|2 mzub
|
| 936 |
s |
n |
|a m200
|2 mzub
|
| 936 |
s |
n |
|a n100
|2 mzub
|
| 936 |
s |
n |
|a l100
|2 mzub
|
| 951 |
|
|
|a BO
|
| ELC |
|
|
|b 1
|
| LOK |
|
|
|0 000 xxxxxcx a22 zn 4500
|
| LOK |
|
|
|0 001 326038314X
|
| LOK |
|
|
|0 003 DE-627
|
| LOK |
|
|
|0 004 277801818
|
| LOK |
|
|
|0 005 19941214000000
|
| LOK |
|
|
|0 008 941007||||||||||||||||ger|||||||
|
| LOK |
|
|
|0 040
|a DE-Frei85
|c DE-627
|d DE-Frei85
|
| LOK |
|
|
|0 852
|a DE-Frei85
|
| LOK |
|
|
|0 852 1
|m p
|9 00
|
| LOK |
|
|
|0 938
|k p
|
| LOK |
|
|
|0 939
|a 07-10-94
|b l01
|
| ORI |
|
|
|a SA-MARC-krimdoka001.raw
|
| TIM |
|
|
|a 100019550101_100019871231
|b Geschichte 1955-1987
|